Espectros y el niño eyolf /

Guardado en:
Autor Principal: Ibsen, Henrik
Formato: Libro
Publicado: Argentina : Tor, 1949
Materias:
Etiquetas: Agregar Etiqueta
Sin Etiquetas, Sea el primero en etiquetar este registro!
LEADER 00521nam a22001935a 4500
001 CEM.cems003380
005 19000101000000.0
008 130507s1949##################000#0#####d
003 CEMS
082 0 4 |a 839.8226 
100 1 |a Ibsen, Henrik 
245 1 0 |a Espectros y el niño eyolf /  |c Henrik Ibsen 
260 |a Argentina :  |b Tor,  |c 1949 
300 |a 187 p. 
653 |a Literatura 
653 |a Literatura noruega 
653 |a Teatro 
653 |a Teatro noruego 
859 |a CEMS  |b BIB. CEMS - 11 de abril  |h 839.8226  |i Ib7  |p 8554.80  |t Ej.1